000
00334nam a2200133Ia 4500
008
240624s9999 xx 000 0 und d
041
_a
eng
082
_a
823 MUR
100
_a
MURTY SUDHA
245
_a
GRANDMA S BAG OF STORIES
260
_c
2012
_a
New Delhi
_b
Puffin Books
300
_a
viii, : 166 : p. : cm. ; 20
365
_c
RS
_b
25
999
_c
19910
_d
19910